| 000 | 00612 a2200181 4500 | ||
|---|---|---|---|
| 020 | _a0471898392 | ||
| 020 | _a9780471898399 | ||
| 082 | 0 | 4 | _a519.282 |
| 090 |
_c149 _d149 |
||
| 100 | 1 | _aKalos, Malvin H. | |
| 245 | 1 | 0 |
_aMonte carlo methods. _nVolume 1 : _bbasics / _cMalvin H. Kalos, Paula A. Whitlock. |
| 250 | _a1st ed. | ||
| 260 |
_a[S.l.] : _bJohn Wiley & Sons, Inc., _c1986. |
||
| 300 |
_a186 p. ; _c24 cm. |
||
| 700 | 1 | _aWhitlock, Paula A. | |
| 942 |
_aSNS _cBK _k519.282 KAL |
||
| 999 |
_c28787 _d28787 |
||